Procedimiento para la evaluación de papel de oficina para su adquisición en la Universidad de Costa Rica
保存先:
| 第一著者: | |
|---|---|
| その他の著者: | |
| フォーマット: | 図書 |
| 出版事項: |
San José, Costa Rica
1999
|
| 主題: | |
| タグ: |
タグ追加
タグなし, このレコードへの初めてのタグを付けませんか!
|
MARC
| LEADER | 00000nam a2200000Ia 4500 | ||
|---|---|---|---|
| 003 | 008564 | ||
| 005 | 20230922092901.0 | ||
| 008 | 140114s1999 cr a m 000 ||s d | ||
| 040 | |c cru CEDI | ||
| 090 | |a TFG 4057 | ||
| 100 | |a Wong Li, Hannia, 1969- |9 1619 | ||
| 245 | |a Procedimiento para la evaluación de papel de oficina para su adquisición en la Universidad de Costa Rica | ||
| 260 | |a San José, Costa Rica |c 1999 | ||
| 300 | |a ix, 91 hojas | ||
| 500 | |a Proyecto de graduación (licenciatura en ingeniería química)--Universidad de Costa Rica. Facultad de Ingeniería. Escuela de Ingeniería Química | ||
| 501 | |a Director de Proyecto de Graduación: M.Sc. Ing. Gerardo Chacón Valle | ||
| 650 | |x ADMINISTRACION DE MATERIALES |x GESTION DE COMPRAS |9 8471 | ||
| 700 | |9 52 |a Chacón Valle, Gerardo, 1945- |d Director del TFG | ||
| 942 | |c CEDI | ||
| 999 | |c 18406 |d 18406 | ||
